Statistiques concernant Pouvoir de la famille Madrigal dans Encanto

Cliquez ici pour prendre le quiz!

Statistiques générales

  • Ce quiz a été pris 310 fois
  • Le résultat moyen est 10 sur 10

Statistiques - réponses

QuestionRéponse% Correct
LuisaA une force herculéenne
99%
AbuelaVeille sur la chandelle
98%
IsabelaFait pousser de la végétation
97%
BrunoPeut voir l'avenir
97%
DoloresEntend à des milliers de mètres
94%
CamiloPeut se métamorphoser en tout se qui est de vivant
94%
PepaContrôle le climat
93%
AntonioParle aux animaux
93%
MirabelRien
93%
JulietaSoigne grâce à la nourriture
93%

Distribution des résultats

Percentile par nombre de réponses

% des personnes avec chaque résultat

Votre développement - résultats

Vous n’avez pas pris ce quiz